000 00653nam a2200217 a 4500
005 20210219153414.0
008 991125n 000 0 u
035 _aUPN01000097243
100 _aCerych, Ladislav
222 _aEUROPEAN JOURNAL OF EDUCATION :
_bRESEARCH, DEVELOPMENT AND POLICIES
245 _aRenewal of central european higher education : issues and challenges
300 _a351-360
362 _a25, No. 4, 1990
505 _aJulio 1991
653 0 _aEDUCACION SUPERIOR
653 0 _aFUTURO DE LA SOCIEDAD
653 0 _aINFLUENCIAS POLITICAS
653 0 _aPRACTICAS EDUCATIVAS
904 _aAC
_b035054
905 _aArticulo
999 _c76106
_d76106